000 00337nam a22001337a 4500
008 171030b xxu||||| |||| 00| 0 eng d
020 _a9781556236532
041 _aeng
080 _a33
100 _a58
101 _aBUS
245 _aTHE CORPORATE GUIDE TO THE MALCOLM BALDRIGE NATIONAL QUALITY AWARD
_cSTEEPLES,M.M
942 _2udc
_cBK
999 _c36544
_d36544